Štruktúra a obsah účtovnej závierky podľa IFRS a podľa slovenskej právnej úpravy diplomová práca

Saved in:
Bibliographic Details
Main Author: Šoltésová, Eva
Corporate Author: Fakulta hospodárskej informatiky EU. Katedra účtovníctva a audítorstva
Other Authors: Parišová, Renáta, 1977-
Format: Book
Language:Slovak
Published: Bratislava 2010
Tags: Add Tag
No Tags, Be the first to tag this record!

MARC

LEADER 00000nam$a2200000$$$4500
001 0120183
005 20240318123554.1
041 0 |a slo 
044 |a SK 
245 1 0 |a Štruktúra a obsah účtovnej závierky podľa IFRS a podľa slovenskej právnej úpravy  |b diplomová práca  |c Eva Šoltésová ; škol. Renáta Parišová 
264 1 |a Bratislava  |c 2010 
300 |a 71 s. 
100 1 |a Šoltésová, Eva 
700 1 |a Parišová, Renáta, 1977- 
710 2 |a Fakulta hospodárskej informatiky EU. Katedra účtovníctva a audítorstva